书目信息 |
| 题名: |
你方唱罢我登场
|
|
| 作者: | 李楠 , 张蕊 编著 | |
| 分册: | 上 | |
| 出版信息: | 北京 中国文史出版社 2019 |
|
| 页数: | 276页 | |
| 开本: | 24cm | |
| 丛书名: | ||
| 单 册: | ||
| 中图分类: | K827=2 | |
| 科图分类: | ||
| 主题词: | 皇帝--huang di--列传--中国--古代 | |
| 电子资源: | ||
| ISBN: | 978-7-5205-0497-3 | |
| 000 | 01059nam0 2200265 450 | |
| 001 | 2159229323 | |
| 005 | 20210930164647.34 | |
| 010 | @a978-7-5205-0497-3@dCNY49.00(全2册98.00) | |
| 100 | @a20190226d2019 em y0chiy50 ea | |
| 101 | 0 | @achi |
| 102 | @aCN@b110000 | |
| 105 | @aa z 000yd | |
| 106 | @ar | |
| 200 | 1 | @a你方唱罢我登场@Ani fang chang ba wo deng chang@e中国历代皇帝观览@h上@f李楠,张蕊编著 |
| 210 | @a北京@c中国文史出版社@d2019 | |
| 215 | @a276页@c图,照片@d24cm | |
| 300 | @a历史人物传奇系列 | |
| 330 | @a本书较全面地反映历代皇帝的各个方面,研究他们的生平事迹、功过是非、治乱兴替,可以揭示中国古代社会由乱到治、由治到乱以及繁荣衰败的内在规律,诠释中华民族嬗变兴替的过程。在一定意义上事关国家兴衰、民族兴亡、个人成败,对我们现代人有着极大的借鉴意义。 | |
| 517 | 1 | @a中国历代皇帝观览@Azhong guo li dai huang di guan lan |
| 606 | 0 | @a皇帝@Ahuang di@x列传@y中国@z古代 |
| 690 | @aK827=2@v5 | |
| 701 | 0 | @a李楠@Ali nan@4编著 |
| 701 | 0 | @a张蕊@Azhang rui@4编著 |
| 801 | 0 | @aCN@b百万庄@c20210925 |
| 905 | @b1298592-95@dK827=2@e1044:1@f4 | |
| 你方唱罢我登场:中国历代皇帝观览.上/李楠,张蕊编著.-北京:中国文史出版社,2019 |
| 276页:图,照片;24cm |
| 历史人物传奇系列 |
| ISBN 978-7-5205-0497-3:CNY49.00(全2册98.00) |
| 本书较全面地反映历代皇帝的各个方面,研究他们的生平事迹、功过是非、治乱兴替,可以揭示中国古代社会由乱到治、由治到乱以及繁荣衰败的内在规律,诠释中华民族嬗变兴替的过程。在一定意义上事关国家兴衰、民族兴亡、个人成败,对我们现代人有着极大的借鉴意义。 |
| ● |
| 相关链接 |
|
|
|
|
正题名:你方唱罢我登场
索取号:K827=2/1044:1
 
预约/预借
| 序号 | 登录号 | 条形码 | 馆藏地/架位号 | 状态 | 备注 |
| 1 | 1298592 | 212985929 | 第二样本阅览室/ [索取号:K827=2/1044:1] | 在馆 | |
| 2 | 1298593 | 212985938 | 第二借阅区/ [索取号:K827=2/1044:1] | 在馆 | |
| 3 | 1298594 | 212985947 | 第二借阅区/ [索取号:K827=2/1044:1] | 在馆 | |
| 4 | 1298595 | 212985956 | 第二借阅区/ [索取号:K827=2/1044:1] | 在馆 |